<?xml version="1.0" encoding="UTF-8"?>
<marc:record xmlns:marc="http://www.loc.gov/MARC21/slim">
   <marc:leader>00000nam a2200000 a 4500</marc:leader>
   <marc:datafield ind1="1" ind2=" " tag="100">
      <marc:subfield code="a">Hirschhausen, Eckart von</marc:subfield>
   </marc:datafield>
   <marc:datafield ind1=" " ind2=" " tag="653">
      <marc:subfield code="a">Humor</marc:subfield>
   </marc:datafield>
   <marc:datafield ind1="0" ind2="0" tag="245">
      <marc:subfield code="a">Die grosse Hör Edition</marc:subfield>
   </marc:datafield>
   <marc:datafield ind1="0" ind2="0" tag="245">
      <marc:subfield code="c">Vorl. und Sprecher: Eckart von Hirschhausen</marc:subfield>
   </marc:datafield>
   <marc:datafield ind1=" " ind2="1" tag="264">
      <marc:subfield code="a">[München]</marc:subfield>
      <marc:subfield code="b">Der Hörverlag</marc:subfield>
      <marc:subfield code="c">2017</marc:subfield>
   </marc:datafield>
   <marc:datafield ind1="1" ind2=" " tag="520">
      <marc:subfield code="a">Angaben aus der Verlagsmeldung

Die große Hör-Edition : Die Live-Lesungen zum Mithören und Mitlachen - 4 Spiegel-Bestseller in einer Box / von Eckart Hirschhausen

Die Live-Lesungen als exklusive Hör-EditionEckart von Hirschhausen hat mit seiner Mischung aus Medizin und Komik, aus hilfreichem Wissen und heilsamem Humor eine neue Kategorie von Büchern geschaffen: das humorvolle Sachbuch. Er ist der verlässliche Wegweiser durch den Dschungel des Gesundheitswesens. Seien Sie dabei, wenn Eckart von Hirschhausen mit einem ganzen Saal seine Freude am Formulieren teilt und vom Lachen der Zuhörer angesteckt wird. Hören – lernen – lachen!„Der Zauber liegt im Siegeszug des feinen Humors, der intelligent ist und trotzdem lustig, sexy aber nicht sexistisch, aufbauend und nicht verletzend.“ DER TAGESSPIEGELEnthält die Hörbücher:• Die Leber wächst mit ihren Aufgaben• Glück kommt selten allein• Wohin geht die Liebe, wenn sie durch den Magen durch ist?• Wunder wirken Wunder(5 CDs, Laufzeit: 6h 13)
</marc:subfield>
   </marc:datafield>
   <marc:datafield ind1=" " ind2=" " tag="020">
      <marc:subfield code="a">9783844525991</marc:subfield>
      <marc:subfield code="9">9783844525991</marc:subfield>
   </marc:datafield>
   <marc:datafield ind1=" " ind2=" " tag="020">
      <marc:subfield code="a">3844525998</marc:subfield>
      <marc:subfield code="9">3844525998</marc:subfield>
   </marc:datafield>
   <marc:datafield ind1="0" ind2=" " tag="490">
      <marc:subfield code="v">0</marc:subfield>
   </marc:datafield>
   <marc:datafield ind1=" " ind2=" " tag="300">
      <marc:subfield code="a">5 CDs</marc:subfield>
   </marc:datafield>
</marc:record>
